000 00512nam a2200181Ia 4500
999 _c28643
_d28643
003 OSt
005 20201208102717.0
008 190216s9999||||xx |||||||||||||| ||und||
020 _a9798188582463
040 _coclc
082 _a894.8124
_bSHA/N
100 _aShanthakumar, C G
_97247
245 0 _aNeeyoru Swarthiyavuka /
_cC G Shanthakumar
260 _bGreen Books,
_aThrissur:
_c2005.
300 _a180p
650 _aLekhanam
942 _cBK
_2ddc
_h894.8124
_iSHA/N
_k894.8124
_mSHA/N